Creative cross stitch
| Format: | Book |
|---|---|
| Language: | English |
| Published: |
Australia
J.B. Fairfax Press Pty Limited
1994
|
| Series: | Craft & home special
|
| Subjects: |
| LEADER | 00532cam a2200193 a 4500 | ||
|---|---|---|---|
| 001 | 0000078453 | ||
| 005 | 20051122090000.0 | ||
| 040 | |a mod | ||
| 041 | |a eng | ||
| 020 | 0 | 0 | |a 1863432035 |
| 090 | 0 | 0 | |a 746.443041 |b CRE |c f |e 1994 |
| 245 | 0 | 0 | |a Creative cross stitch |
| 260 | 0 | 0 | |a Australia |b J.B. Fairfax Press Pty Limited |c 1994 |
| 300 | 0 | 0 | |a 80 p. |b ill. |c 28 cm |
| 440 | 0 | 0 | |a Craft & home special |
| 650 | 0 | 0 | |a House furnishings |
| 650 | 0 | 0 | |a Cross-stitch |x Patterns |
| 650 | 0 | 0 | |a Gifts |
| 999 | |a 0236793 |b IKEM |d BOOKS |e Umum |f IKEM |j AVAILABLE |q GOOD CONDITION | ||